[Event "Veliko Gradiste Silver Lake op"]
[Site "Veliko Gradiste"]
[Date "2018.06.24"]
[Round "9"]
[White "Mastrapovic, Vladimir"]
[Black "Djokic, Mihailo"]
[Result "1-0"]
[WhiteElo "2237"]
[BlackElo "2009"]
[PlyCount "66"]
[EventDate "2018.06.17"]
[EventType "swiss"]
[EventRounds "9"]
[EventCountry "SRB"]
[SourceTitle "EXT 2019"]
[Source "ChessBase"]
[SourceDate "2018.10.10"]
[SourceVersion "1"]
[SourceVersionDate "2018.10.10"]
[SourceQuality "1"]

1. e4 c5 2. Nf3 d6 3. d4 cxd4 4. Nxd4 Nf6 5. Nc3 g6 6. Bb5+ Bd7 7. Bg5 Bg7 8. Qe2 a6 9. Bxd7+ Nbxd7 10. h4 Qa5 11. Nb3 Qc7 12. 0-0-0 h6 13. Bf4 b5 14. Kb1 Qc4 15. f3 Nh5 16. Bd2 Ng3 17. Qxc4 bxc4 18. Rh3 cxb3 19. Rxg3 bxa2+ 20. Kxa2 h5 21. f4 Rc8 22. b4 Nb6 23. Kb3 Bf6 24. Rh3 0-0 25. Nd5 Nd7 26. c4 e6 27. Nxf6+ Nxf6 28. Re3 Rc6 29. Bc3 Ng4 30. Rf3 Rfc8 31. c5 d5 32. exd5 exd5 33. Rxd5 Re8 1-0

[Event "Stari Banovci Vidovdan op"]
[Site "Stari Banovci"]
[Date "2017.07.02"]
[Round "6"]
[White "Gavric, Zivojin"]
[Black "Mastrapovic, Vladimir"]
[Result "0-1"]
[WhiteElo "2080"]
[BlackElo "2255"]
[PlyCount "130"]
[EventDate "2017.06.28"]
[EventType "swiss"]
[EventRounds "9"]
[EventCountry "SRB"]
[SourceTitle "EXT 2018"]
[Source "ChessBase"]
[SourceDate "2017.10.13"]
[SourceVersion "1"]
[SourceVersionDate "2017.10.13"]
[SourceQuality "1"]

1. d4 Nf6 2. Nf3 e6 3. Bf4 d5 4. e3 Nc6 5. Be2 Bd6 6. 0-0 h6 7. Nbd2 0-0 8. Ne5 Nd7 9. Ndf3 Ncxe5 10. dxe5 Be7 11. c4 Nb6 12. Qc2 c5 13. Rfd1 Bd7 14. cxd5 exd5 15. Bd3 Rc8 16. Bf5 Qe8 17. b3 Be6 18. Rac1 Qd7 19. Bxe6 Qxe6 20. a4 Rfd8 21. h3 Nd7 22. Qd2 Nf8 23. Qb2 g5 24. Bg3 Ng6 25. Nd2 g4 26. hxg4 Qxg4 27. Nf1 h5 28. f3 Qg5 29. Qf2 h4 30. Bh2 c4 31. bxc4 dxc4 32. Rxd8+ Bxd8 33. f4 Qf5 34. Qc2 Qxc2 35. Rxc2 a6 36. Nd2 b5 37. Ne4 Bb6 38. Kf2 Ne7 39. axb5 axb5 40. Nd6 Rc5 41. Kf3 Nc8 42. Ne4 Rc6 43. Nf6+ Kg7 44. Nd5 Ba5 45. Rb2 Rc5 46. e4 c3 47. Rc2 b4 48. Bg1 Rc4 49. Ne3 Rc7 50. Nf5+ Kg8 51. Nd4 Bb6 52. Be3 Bxd4 53. Bxd4 Ne7 54. Ke3 Rb7 55. Bxc3 bxc3 56. Rxc3 Rb2 57. Kf3 Ng6 58. Rc8+ Kg7 59. Rc3 Kh6 60. f5 Nxe5+ 61. Kf4 f6 62. Rc8 Rf2+ 63. Ke3 Ng4+ 64. Kd3 Kg5 65. Kd4 Rxg2 0-1

[Event "Vojvodina-chT"]
[Site "Kac"]
[Date "2016.11.19"]
[Round "7.2"]
[White "Mastrapovic, Vladimir"]
[Black "Desnica, Vladan"]
[Result "0-1"]
[WhiteElo "2289"]
[BlackElo "2224"]
[PlyCount "92"]
[EventDate "2016.11.15"]
[EventType "team-tourn"]
[EventRounds "11"]
[EventCountry "SRB"]
[SourceTitle "CBM 175 Extra"]
[Source "ChessBase"]
[SourceDate "2016.12.12"]
[SourceVersion "1"]
[SourceVersionDate "2016.12.12"]
[SourceQuality "1"]
[WhiteTeam "Banovci Dunav"]
[BlackTeam "Kraljica PTT"]
[WhiteTeamCountry "SRB"]
[BlackTeamCountry "SRB"]

1. e4 e5 2. Nf3 Nc6 3. Bb5 Nf6 4. d3 Bc5 5. Bxc6 dxc6 6. Qe2 Nd7 7. Be3 Bd6 8. d4 0-0 9. Nbd2 Re8 10. 0-0-0 Qe7 11. g4 a5 12. Rhg1 a4 13. dxe5 Nxe5 14. Nd4 a3 15. b3 Ng6 16. f3 Nf4 17. Qf1 b5 18. Nxc6 Qd7 19. Nd4 Be5 20. Ne2 Nd3+ 21. Kb1 Nb4 22. Nc1 Qc6 23. c4 Be6 24. Nd3 Nxd3 25. Qxd3 Red8 26. Qc2 bxc4 27. f4 Bf6 28. g5 Be7 29. f5 Bc8 30. Qxc4 Bb7 31. Rc1 Qxc4 32. Rxc4 Bd6 33. h4 Re8 34. Kc2 Rad8 35. Rg4 Ba6 36. Ra4 Bb5 37. Ra5 Be2 38. Rg2 Bb4 39. Ra4 Bd3+ 40. Kc1 c5 41. Rg4 Bb5 42. Ra7 Rd3 43. Bf4 Red8 44. Rg2 Rc3+ 45. Kd1 Rf3 46. Bc7 Rf1+ 0-1

[Event "Vojvodina-chT"]
[Site "Kac"]
[Date "2016.11.16"]
[Round "2.2"]
[White "Bulajic, Ratko"]
[Black "Mastrapovic, Vladimir"]
[Result "1/2-1/2"]
[WhiteElo "2331"]
[BlackElo "2289"]
[PlyCount "115"]
[EventDate "2016.11.15"]
[EventType "team-tourn"]
[EventRounds "11"]
[EventCountry "SRB"]
[SourceTitle "CBM 175 Extra"]
[Source "ChessBase"]
[SourceDate "2016.12.12"]
[SourceVersion "1"]
[SourceVersionDate "2016.12.12"]
[SourceQuality "1"]
[WhiteTeam "Sombor"]
[BlackTeam "Banovci Dunav"]
[WhiteTeamCountry "SRB"]
[BlackTeamCountry "SRB"]

1. d4 Nf6 2. c4 g6 3. Nf3 Bg7 4. Nc3 d5 5. h4 dxc4 6. e4 c6 7. Bxc4 b5 8. Bb3 b4 9. Ng5 bxc3 10. Bxf7+ Kf8 11. bxc3 Nxe4 12. Bc4 Nxg5 13. hxg5 Qa5 14. Qf3+ Qf5 15. Qe2 Qg4 16. f3 Qg3+ 17. Kf1 h6 18. gxh6 Bf6 19. h7 Bf5 20. Rb1 Nd7 21. Be6 Rb8 22. Rxb8+ Qxb8 23. Bxf5 gxf5 24. Qe6 Ke8 25. Qxf5 Qb5+ 26. Qxb5 cxb5 27. Rh5 b4 28. Bb2 bxc3 29. Bxc3 Kf7 30. Ra5 Ra8 31. g4 Kg6 32. g5 Bg7 33. Bb4 Bxd4 34. Rd5 Bc5 35. Bxc5 Nxc5 36. Rxc5 Kxh7 37. Kg2 Rd8 38. Kg3 Kg6 39. Kg4 Rd4+ 40. f4 Ra4 41. Re5 Kf7 42. Re2 e6 43. Kg3 a5 44. Kf3 Ra3+ 45. Kg4 Ra4 46. Kg3 Ra3+ 47. Kh4 Ra4 48. Kg4 Ra3 49. Rh2 Ra4 50. Rh7+ Kf8 51. Rh8+ Kf7 52. Rh7+ Kf8 53. g6 e5 54. Rf7+ Kg8 55. Kg5 exf4 56. Ra7 f3 57. Ra8+ Kg7 58. Ra7+ 1/2-1/2

[Event "Vojvodina-chT"]
[Site "Novi Sad"]
[Date "2015.11.16"]
[Round "8.4"]
[White "Remecki, Sinisa"]
[Black "Mastrapovic, Vladimir"]
[Result "1/2-1/2"]
[WhiteElo "2206"]
[BlackElo "2288"]
[PlyCount "81"]
[EventDate "2015.11.10"]
[EventType "team-tourn"]
[EventRounds "9"]
[EventCountry "SRB"]
[SourceTitle "CBM 169 Extra"]
[Source "ChessBase"]
[SourceDate "2015.12.18"]
[SourceVersion "1"]
[SourceVersionDate "2015.12.18"]
[SourceQuality "1"]
[WhiteTeam "Petrovaradin Kraljica"]
[BlackTeam "Banovci Dunav"]
[WhiteTeamCountry "SRB"]
[BlackTeamCountry "SRB"]

1. e4 c5 2. Nf3 Nc6 3. Bb5 Nf6 4. d3 Qc7 5. 0-0 g6 6. Nc3 a6 7. Bxc6 Qxc6 8. Bf4 d6 9. h3 Bg7 10. Qd2 0-0 11. Bh6 Nd7 12. Nd5 Re8 13. Bxg7 Kxg7 14. c4 e6 15. Qc3+ f6 16. Ne3 b5 17. Rfe1 Bb7 18. b3 b4 19. Qd2 Red8 20. d4 Qc7 21. d5 e5 22. Ng4 Nf8 23. Qh6+ Kf7 24. Re3 Qe7 25. Nh4 Kg8 26. Rf3 Nd7 27. Rg3 Qg7 28. Nf5 Qf8 29. Qxf8+ Kxf8 30. Nxd6 Rdb8 31. Rd3 a5 32. Nxb7 Rxb7 33. Ne3 a4 34. Rad1 axb3 35. axb3 Ra2 36. R3d2 Rba7 37. Rxa2 Rxa2 38. g3 Ke7 39. Kg2 Kd6 40. Kf3 Rb2 41. Rd3 1/2-1/2

[Event "Vojvodina-chT"]
[Site "Kac"]
[Date "2014.11.13"]
[Round "9.2"]
[White "Banovic, Ivan"]
[Black "Mastrapovic, Vladimir"]
[Result "1/2-1/2"]
[WhiteElo "2226"]
[BlackElo "2274"]
[PlyCount "27"]
[EventDate "2014.11.08"]
[EventType "team-tourn"]
[EventRounds "11"]
[EventCountry "SRB"]
[SourceTitle "EXT 2017"]
[Source "ChessBase"]
[SourceDate "2016.10.25"]
[SourceVersion "1"]
[SourceVersionDate "2016.10.25"]
[SourceQuality "1"]

1. d4 Nf6 2. c4 g6 3. Nc3 d5 4. Bg5 Bg7 5. Bxf6 Bxf6 6. cxd5 c6 7. e3 cxd5 8. Qb3 e6 9. Nf3 0-0 10. Bd3 Nc6 11. 0-0 Bd7 12. Rfc1 Qe7 13. Rab1 Rfc8 14. Na4 1/2-1/2

[Event "Vojvodina-chT 2nd League"]
[Site "Stari Banovci"]
[Date "2013.11.10"]
[Round "10"]
[White "Arbutina, Sinisa"]
[Black "Mastrapovic, Vladimir"]
[Result "1/2-1/2"]
[WhiteElo "2280"]
[BlackElo "2280"]
[PlyCount "82"]
[EventDate "2013.11.03"]
[EventType "team-tourn"]
[EventRounds "11"]
[EventCountry "SRB"]
[SourceTitle "EXT 2015"]
[Source "ChessBase"]
[SourceDate "2014.11.20"]
[SourceVersion "1"]
[SourceVersionDate "2014.11.20"]
[SourceQuality "1"]

1. d4 Nf6 2. c4 g6 3. Nc3 d5 4. Nf3 Bg7 5. Bg5 Ne4 6. cxd5 Nxg5 7. Nxg5 e6 8. Nf3 exd5 9. e3 0-0 10. Bd3 c5 11. 0-0 cxd4 12. Nxd4 Nc6 13. Nxc6 bxc6 14. Na4 Qh4 15. Rc1 Rb8 16. b3 Rb4 17. g3 Qf6 18. Re1 h5 19. Qd2 a5 20. Rc5 Qd8 21. Rxc6 Bd7 22. Rd6 Qc7 23. Rxd5 Bxa4 24. bxa4 Bc3 25. Rc1 Qb7 26. Qxc3 Qxd5 27. Bc4 Qf5 28. Bb3 h4 29. Qc5 Qe4 30. Qc6 Re8 31. Qf6 Rxb3 32. axb3 h3 33. Qc6 Qe5 34. Qd7 Re6 35. Qc8+ Kh7 36. Qc4 Qb2 37. Rd1 Rf6 38. Rf1 Kg7 39. Qd4 Qxb3 40. Qg4 Qc2 41. Qxh3 Qxa4 1/2-1/2

[Event "Vojvodina-ch 4th"]
[Site "Novi Sad"]
[Date "2013.07.02"]
[Round "7"]
[White "Trajkovic, Aleksandar"]
[Black "Mastrapovic, Vladimir"]
[Result "1-0"]
[WhiteElo "2169"]
[BlackElo "2298"]
[PlyCount "69"]
[EventDate "2013.06.28"]
[EventType "swiss"]
[EventRounds "9"]
[EventCountry "SRB"]
[SourceTitle "CBM 155 Extra"]
[Source "ChessBase"]
[SourceDate "2013.08.26"]
[SourceVersion "1"]
[SourceVersionDate "2013.08.26"]
[SourceQuality "1"]

1. c4 Nf6 2. Nc3 c5 3. g3 d6 4. Bg2 e6 5. e3 Be7 6. Nge2 0-0 7. 0-0 Nbd7 8. d4 Qc7 9. b3 a6 10. Bb2 Rb8 11. a4 b6 12. d5 Re8 13. e4 Nf8 14. Qd3 Bd7 15. Rad1 Ng6 16. f4 exd5 17. Nxd5 Nxd5 18. exd5 Bf8 19. h4 b5 20. axb5 axb5 21. Bc3 bxc4 22. bxc4 Ne7 23. Be4 f5 24. Bf3 Kf7 25. Rf2 Ng8 26. g4 Rb3 27. Qc2 Rxc3 28. Nxc3 fxg4 29. Be4 Ne7 30. Bxh7 g6 31. h5 Bf5 32. Bxg6+ Bxg6 33. hxg6+ Nxg6 34. Qf5+ Kg7 35. Qxg4 1-0

[Event "Vojvodina-ch 4th"]
[Site "Novi Sad"]
[Date "2013.06.30"]
[Round "4"]
[White "Mastrapovic, Vladimir"]
[Black "Ujhazi, Ivan"]
[Result "1-0"]
[WhiteElo "2298"]
[BlackElo "2214"]
[PlyCount "59"]
[EventDate "2013.06.28"]
[EventType "swiss"]
[EventRounds "9"]
[EventCountry "SRB"]
[SourceTitle "CBM 155 Extra"]
[Source "ChessBase"]
[SourceDate "2013.08.26"]
[SourceVersion "1"]
[SourceVersionDate "2013.08.26"]
[SourceQuality "1"]

1. e4 c5 2. Nf3 Nc6 3. d4 cxd4 4. Nxd4 g6 5. Nc3 Bg7 6. Be3 Nf6 7. Bc4 0-0 8. Bb3 d6 9. f3 Bd7 10. Qd2 Nxd4 11. Bxd4 b5 12. 0-0-0 a5 13. e5 dxe5 14. Bxe5 a4 15. Bd5 Rc8 16. Bb7 Rc7 17. Ba6 Rc5 18. Bxf6 Bxf6 19. Ne4 Qb6 20. Nxc5 Qxc5 21. Qxd7 Qc4 22. Qxb5 Qf4+ 23. Kb1 Rb8 24. Bb7 a3 25. g3 Qh6 26. bxa3 Qe3 27. Rd3 Qa7 28. Rb3 Qd4 29. c3 Qd2 30. Qd5 1-0

[Event "Vojvodina-ch 4th"]
[Site "Novi Sad"]
[Date "2013.06.28"]
[Round "2"]
[White "Mastrapovic, Vladimir"]
[Black "Arsic, Djordje"]
[Result "1-0"]
[WhiteElo "2298"]
[BlackElo "2040"]
[PlyCount "55"]
[EventDate "2013.06.28"]
[EventType "swiss"]
[EventRounds "9"]
[EventCountry "SRB"]
[SourceTitle "CBM 155 Extra"]
[Source "ChessBase"]
[SourceDate "2013.08.26"]
[SourceVersion "1"]
[SourceVersionDate "2013.08.26"]
[SourceQuality "1"]

1. e4 e5 2. Nf3 Nc6 3. Bb5 a6 4. Ba4 Nf6 5. Qe2 b5 6. Bb3 Be7 7. a4 b4 8. d4 d5 9. exd5 Nxd4 10. Nxd4 exd4 11. Bg5 0-0 12. Bxf6 Bxf6 13. 0-0 Bb7 14. Qc4 a5 15. Re1 Ra6 16. Qb5 Qa8 17. Nd2 c6 18. dxc6 Bxc6 19. Qf5 Bxg2 20. f3 Bg5 21. Ne4 Bxf3 22. Qxf3 Be3+ 23. Kh1 Kh8 24. Rf1 f5 25. Nc5 Qxf3+ 26. Rxf3 Rh6 27. Nd7 Rd8 28. Ne5 1-0

[Event "SRB-chT2 Vojvodina League"]
[Site "Kac"]
[Date "2012.10.17"]
[Round "5"]
[White "Drazic, Sinisa"]
[Black "Mastrapovic, Vladimir"]
[Result "1-0"]
[WhiteElo "2511"]
[BlackElo "2284"]
[PlyCount "115"]
[EventDate "2012.10.14"]
[EventType "team-swiss"]
[EventRounds "11"]
[EventCountry "SRB"]
[SourceTitle "EXT 2015"]
[Source "ChessBase"]
[SourceDate "2014.11.20"]
[SourceVersion "1"]
[SourceVersionDate "2014.11.20"]
[SourceQuality "1"]

1. e4 c5 2. Nf3 Nc6 3. d4 cxd4 4. Nxd4 Nf6 5. Nc3 d6 6. Bg5 e5 7. Nb3 Be7 8. Qd2 h6 9. Bxf6 Bxf6 10. g3 Bg4 11. Be2 Bg5 12. Qd3 Be6 13. h4 Be7 14. Nd5 Qd7 15. 0-0-0 0-0-0 16. Kb1 Kb8 17. Qe3 Rc8 18. Rd2 Bxd5 19. Rxd5 Nb4 20. Rd2 Qc6 21. Rc1 Qa4 22. a3 Na6 23. Rd5 Nc5 24. Nxc5 Rxc5 25. Rxc5 dxc5 26. Qf3 f6 27. Qg4 g5 28. Qe6 Bd8 29. Qd6+ Ka8 30. Rd1 Qa5 31. h5 Qb6 32. Bc4 Qxd6 33. Rxd6 Kb8 34. Rd7 a6 35. a4 Kc8 36. Be6 Kb8 37. Bd5 b6 38. Rf7 b5 39. axb5 axb5 40. Rb7+ Kc8 41. Rxb5 Bc7 42. Rxc5 Kd7 43. Rc6 Bd6 44. g4 Rb8 45. Ra6 Rb4 46. c3 Rb8 47. Kc2 Rc8 48. Kd3 Rb8 49. b3 Rc8 50. b4 Rb8 51. Ra7+ Bc7 52. Kc4 Kd6 53. Kb3 f5 54. gxf5 g4 55. f6 Bb6 56. Ra6 Kc7 57. f7 Bxf2 58. Ra8 1-0

[Event "SRB-chT2 Vojvodina League"]
[Site "Kac"]
[Date "2012.10.16"]
[Round "4"]
[White "Mastrapovic, Vladimir"]
[Black "Kovacevic, Slavko"]
[Result "0-1"]
[WhiteElo "2284"]
[BlackElo "2187"]
[PlyCount "97"]
[EventDate "2012.10.14"]
[EventType "team-swiss"]
[EventRounds "11"]
[EventCountry "SRB"]
[SourceTitle "EXT 2015"]
[Source "ChessBase"]
[SourceDate "2014.11.20"]
[SourceVersion "1"]
[SourceVersionDate "2014.11.20"]
[SourceQuality "1"]

1. d4 Nf6 2. Nf3 e6 3. g3 d5 4. Bg2 Be7 5. c4 c6 6. 0-0 0-0 7. Nc3 b6 8. b3 Ba6 9. Ne5 Nbd7 10. Nxd7 Nxd7 11. Bb2 Rc8 12. cxd5 cxd5 13. a4 Nf6 14. Nb5 Qd7 15. Nc3 Rc7 16. Bf3 Rfc8 17. Rc1 h6 18. Qd2 Ne8 19. h4 Bb4 20. Qe3 Nd6 21. Na2 Nf5 22. Qf4 Be7 23. Rxc7 Rxc7 24. Rc1 Bd6 25. Qd2 Qc8 26. e4 dxe4 27. Bxe4 Ne7 28. d5 exd5 29. Qd4 Rxc1+ 30. Nxc1 f6 31. Bxd5+ Kf8 32. Bf3 Bc5 33. Qe4 Qh3 34. Ne2 Bxe2 35. Qxe2 Qxg3+ 36. Kf1 Qxh4 37. Qd2 Qh3+ 38. Ke2 Qe6+ 39. Kf1 Qxb3 40. Kg2 Qe6 41. a5 Qd6 42. Qc2 g6 43. a6 Kg7 44. Qe2 Nf5 45. Bg4 Qc6+ 46. Kg1 Nh4 47. Bh3 Nf3+ 48. Kf1 Nd4 49. Bg2 0-1

[Event "SRB-chT2 Vojvodina League"]
[Site "Kac"]
[Date "2012.10.14"]
[Round "1"]
[White "Kostic, Filip"]
[Black "Mastrapovic, Vladimir"]
[Result "0-1"]
[WhiteElo "2259"]
[BlackElo "2284"]
[PlyCount "80"]
[EventDate "2012.10.14"]
[EventType "team-swiss"]
[EventRounds "11"]
[EventCountry "SRB"]
[SourceTitle "EXT 2015"]
[Source "ChessBase"]
[SourceDate "2014.11.20"]
[SourceVersion "1"]
[SourceVersionDate "2014.11.20"]
[SourceQuality "1"]

1. d4 Nf6 2. Nf3 g6 3. c4 Bg7 4. Nc3 d5 5. Bf4 0-0 6. e3 c5 7. dxc5 Qa5 8. cxd5 Nxd5 9. Be5 Nxc3 10. Qd2 Bxe5 11. Nxe5 Qxc5 12. Qxc3 Qxc3+ 13. bxc3 Be6 14. Be2 f6 15. Nd3 Nd7 16. Bf3 Bc4 17. Nf4 Nc5 18. Bd5+ Bxd5 19. Nxd5 e6 20. Nf4 Rfd8 21. Rd1 g5 22. Nh5 Rxd1+ 23. Kxd1 Ne4 24. Kc2 Rc8 25. f3 Nxc3 26. Nxf6+ Kf7 27. Ng4 Nxa2+ 28. Kb3 Nc1+ 29. Ka3 Nd3 30. Rd1 Rc3+ 31. Ka2 Ke7 32. e4 b5 33. Rf1 a5 34. Nf2 Nxf2 35. Rxf2 b4 36. Rd2 Kf6 37. Kb2 a4 38. Rd4 a3+ 39. Ka2 Rc2+ 40. Kb3 Rb2+ 0-1

[Event "Vojvodina-chT2"]
[Site "Vrbas"]
[Date "2011.09.30"]
[Round "8"]
[White "Mastrapovic, Vladimir"]
[Black "Farkas, Miso"]
[Result "1-0"]
[WhiteElo "2260"]
[BlackElo "2132"]
[PlyCount "69"]
[EventDate "2011.09.25"]
[EventType "team-tourn"]
[EventRounds "11"]
[EventCountry "SRB"]
[SourceTitle "CBM 144 Extra"]
[Source "ChessBase"]
[SourceDate "2011.10.28"]
[SourceVersion "1"]
[SourceVersionDate "2011.10.28"]
[SourceQuality "1"]

1. e4 c6 2. d4 b5 3. Nf3 g6 4. Bd3 Bg7 5. 0-0 Nf6 6. e5 Nd5 7. a4 b4 8. c4 bxc3 9. Nxc3 Ba6 10. Nxd5 cxd5 11. b4 Bxd3 12. Qxd3 0-0 13. Ba3 Nc6 14. Rab1 f6 15. Rfe1 Re8 16. h4 e6 17. h5 g5 18. b5 Na5 19. Bc1 Nc4 20. exf6 Bxf6 21. Ne5 Rc8 22. Qg3 h6 23. f4 Nd6 24. fxg5 hxg5 25. Nf3 Nf5 26. Qg4 Nh6 27. Qg3 Nf5 28. Qf2 Rc4 29. Ne5 Rxd4 30. Bb2 Rxa4 31. h6 Re7 32. Nc6 Bxb2 33. Nxe7+ Qxe7 34. Rxb2 Kh7 35. Qxf5+ 1-0

[Event "Vojvodina-chT2"]
[Site "Vrbas"]
[Date "2011.09.28"]
[Round "6"]
[White "Mastrapovic, Vladimir"]
[Black "Kovacevic, Dragan"]
[Result "0-1"]
[WhiteElo "2260"]
[BlackElo "2236"]
[PlyCount "76"]
[EventDate "2011.09.25"]
[EventType "team-tourn"]
[EventRounds "11"]
[EventCountry "SRB"]
[SourceTitle "CBM 144 Extra"]
[Source "ChessBase"]
[SourceDate "2011.10.28"]
[SourceVersion "1"]
[SourceVersionDate "2011.10.28"]
[SourceQuality "1"]

1. e4 d6 2. d4 Nf6 3. Nc3 g6 4. Be3 Bg7 5. Qd2 c6 6. Nf3 b5 7. Bd3 a6 8. Bh6 0-0 9. Bxg7 Kxg7 10. e5 Nd5 11. Nxd5 cxd5 12. h4 h5 13. Qf4 Nc6 14. c3 Bg4 15. exd6 Bxf3 16. Qxf3 Qxd6 17. 0-0 b4 18. Rad1 bxc3 19. bxc3 e6 20. Qe3 Rfc8 21. c4 dxc4 22. Bxc4 Ne7 23. Qe2 a5 24. Rfe1 Ra7 25. g3 a4 26. Qd3 Rac7 27. Bb5 Nd5 28. Rd2 Rc3 29. Qe4 Rc1 30. Bf1 R8c3 31. Rxc1 Rxc1 32. Kg2 Qc6 33. f3 Qc3 34. Rf2 Re1 35. Re2 Rd1 36. Qe5+ Kh7 37. Kf2 Rxd4 38. Bh3 Qc5 0-1

[Event "Vojvodina-ch 2nd"]
[Site "Novi Sad"]
[Date "2011.07.29"]
[Round "8"]
[White "Mastrapovic, Vladimir"]
[Black "Pecurica, Milos"]
[Result "0-1"]
[WhiteElo "2266"]
[BlackElo "2122"]
[PlyCount "72"]
[EventDate "2011.07.24"]
[EventType "swiss"]
[EventRounds "9"]
[EventCountry "SRB"]
[SourceTitle "CBM 143 Extra"]
[Source "ChessBase"]
[SourceDate "2011.08.29"]
[SourceVersion "1"]
[SourceVersionDate "2011.08.29"]
[SourceQuality "1"]

1. e4 c5 2. Nf3 d6 3. d4 cxd4 4. Nxd4 Nf6 5. Nc3 g6 6. Be3 Bg7 7. f3 0-0 8. Qd2 Nc6 9. 0-0-0 d5 10. exd5 Nxd5 11. Nxc6 bxc6 12. Bd4 e5 13. Bc5 Be6 14. Ne4 Re8 15. c4 Nb6 16. Qc2 Qc7 17. Bd6 Qc8 18. Nc5 Rd8 19. Be2 Bf5 20. Ne4 Nd5 21. Bc5 Bh6+ 22. Kb1 Ne3 23. Rxd8+ Qxd8 24. Qc1 Bxe4+ 25. fxe4 Qh4 26. Bf3 Nxg2 27. Qc3 Qh3 28. Rg1 Nf4 29. Rd1 Ne6 30. Bd6 Nd4 31. Rd3 Qf1+ 32. Bd1 Bg7 33. a3 Rd8 34. Bc5 Rd7 35. Ka2 Nb5 36. cxb5 Rxd3 0-1